000 00762cab a2200229 4500
001 WB3231-19
008 090401t1996 xxu||||| |||| 00| 0 eng d
035 _a(Sirsi) u69540
041 _aeng
245 _aOut-of-town still thrives
260 _c1996
350 _a0
490 _aPlanning Week
_v4(32) 8 August 1996, 6(1)
520 _aDespite strong rental growth by both town centres and out-of-town, town centre retailers have failed to fend off growth of out-of-town, according to Colliers Erdman Lewis.
650 _aCOLLIERS ERDMAN LEWIS
650 _aOUT-OF-TOWN SHOPPING CENTRES
650 _aRETAIL RENTAL GROWTH
650 _aTOWN CENTRES
690 _aPROPERTY-COMMERCIAL PROPERTY-RETAIL PROPERTY
942 _n0
948 _c04/03/1997
999 _c43681
_d43681